The psychologically literate citizen : foundations and global perspectives /

Bibliographic Details
Other Authors: Cranney, Jacquelyn, Dunn, Dana
Format: Book
Language:English
Published: New York : Oxford University Press, [2011]
Subjects:

MARC

Tag First Indicator Second Indicator Subfields
LEADER 00000cam a2200000 a 4500
001 in00002723213
005 20151202144901.0
008 110110s2011 nyua b 001 0 eng
010 |a  2010053151 
016 7 |a 015878955  |2 Uk 
020 |a 9780199794942 (hardcover : alk. paper) 
020 |a 0199794944 (hardcover : alk. paper) 
035 |a (OCoLC)ocn696318434 
035 |a (OCoLC)696318434 
040 |a DLC  |c DLC  |d YDX  |d UKMGB  |d MIX  |d CDX  |d YDXCP  |d BWX  |d UtOrBLW 
049 |a TXAM 
050 0 0 |a BF77  |b .P758 2011 
082 0 0 |a 150.71  |2 22 
245 0 4 |a The psychologically literate citizen :  |b foundations and global perspectives /  |c edited by Jacquelyn Cranney, Dana S. Dunn. 
264 1 |a New York :  |b Oxford University Press,  |c [2011] 
264 4 |c ©2011 
300 |a xxvi, 357 pages :  |b illustrations ;  |c 25 cm. 
336 |a text  |b txt  |2 rdacontent 
337 |a unmediated  |b n  |2 rdamedia 
338 |a volume  |b nc  |2 rdacarrier 
504 |a Includes bibliographical references and index. 
650 0 |a Psychology  |x Study and teaching (Higher) 
650 0 |a Psychology. 
700 1 |a Cranney, Jacquelyn. 
700 1 |a Dunn, Dana. 
938 |a Midwest Library Services  |b MWST  |n 02558752011 
938 |a Coutts Information Services  |b COUT  |n 17147245 
938 |a YBP Library Services  |b YANK  |n 7051527 
938 |a Blackwell Book Service  |b BBUS  |n 7051527 
947 |a A14840476882 
945 |a PromptCat  |b 695219 
946 |a stk 
994 |a 92  |b TXA 
948 |a Cataloged  |b h  |c 2011/12/21  |d c  |e EGrant 
999 |a MARS 
999 f f |s 69d264f6-2b75-3fd0-9941-ee5128ed68c4  |i d50bf028-8557-3326-8364-3df1f48a01bc  |t 0 
952 f f |p normal  |a Texas A&M University  |b College Station  |c Sterling C. Evans Library  |d Evans: Library Stacks  |t 0  |e BF77 .P758 2011  |h Library of Congress classification  |i unmediated -- volume  |m A14840476882 
998 f f |a BF77 .P758 2011  |t 0  |l Evans: Library Stacks